Statistiche per Riconosci la Squadra di calcio - Quiz n°311

Clicka qui per fare il quiz!

Statistiche generali

  • Questo quiz è stato fatto 6 volte
  • Il punteggio medio è 5 su 10

Statistiche sulle risposte

IndizioRisposta% Corretto
Colori socialiRosso, bianco, nero
100%
Titoli nazionali8 Titoli del Brasile
80%
Trofei nazionali1 Coppa del Brasile
60%
Trofei internazionali3 Coppe Libertadores
1 Coppe Sudamericane
2 Recope Sudamericane
1 Coppe CONMEBOL
2 Coppe Intercontinentali
1 Coppe del mondo per club
1 Supercoppa Sudamericana
1 Coppa Master di Coppa CONMEBOL
60%
Divisione nazionale 2023-2024Prima
60%
Capienza Stadio77 011 posti
40%
Fondazione1930
20%
Rifondazione1935
20%
ConfederazioneCONMEBOL
20%
SquadraSan Paolo
20%

Distribuzione punteggi

Percentile per numero di risposta

Percentuale di utenti per punteggio

I tuoi punteggi nel tempo

Non hai fatto questo quiz